Fiškálna decentralizácia: Skúsenosti efektívnej reformy na Slovensku pre Ukrajinu

Bibliographic Details
Main Author: Moldovan, Oleksij Oleksandrovič (Author)
Format: Book
Language:Slovak
Ukrainian
PhysicalDescription:40 s. graf, tab. 18 cm
Published: Prešov Adin 2010
ISBN:9788089244805
Edition:[1. vyd.]
Series:Surec Policy Paper
Subjects:

MARC

LEADER 00000nam a2200000 a 4500
001 vtls010277602
003 SK-MaSNL
005 20260425223126.0
008 240318s2010 xo dl f 000 0 slo
015 |a SNBA2011/07-03804 
020 |a 9788089244805  |q (brož.) 
035 |a 07800F68-D553-40DD-A9DD-37F12CE0EE2C 
035 |a urn:nbn:sk:snk-amjhtd 
035 |a urn:nbn:sk:snk-am001y19 
040 |a SNK  |b slo  |c SNK  |e AACR2 
041 0 |a slo  |a ukr 
043 |a e-xo---  |a e-un--- 
044 |a xo  |c SK 
072 7 |a 336.1/.5  |x Verejné financie  |2 konspekt 
080 |a 336.1/.5  |2 2001 
080 |a 316.4.063.34  |2 2001 
080 |a (437.6)  |2 2001 
080 |a (048.8)  |2 2001 
080 |a 35  |2 2001 
080 |a 323.172  |2 2001 
080 |a 338.244.47  |2 2001 
080 |a 336.02  |2 2001 
080 |a 352  |2 2001 
080 |a (477)  |2 2001 
100 1 |a Moldovan, Oleksij Oleksandrovič  |4 aut  |9 327757 
245 1 0 |a Fiškálna decentralizácia: Skúsenosti efektívnej reformy na Slovensku pre Ukrajinu  |c Oleksij Olexandrovič Molodovan 
246 1 1 |a Bjudžetna decentralizacija: Dosvid efektyvnoji reformy Slovaččyny dlja Ukrajiny 
250 |a [1. vyd.] 
260 |a Prešov  |b Adin  |c 2010 
300 |a 40 s.  |b graf, tab.  |c 18 cm 
490 1 |a Surec Policy Paper 
500 |a Vypracované v rámci projektu SUREC (Slovensko-ukrajinské výskumné a vzdelávacie centrum) 
500 |a Vydavateľstvo uvedené podľa ISBN. Na tit. strane miesto vydania Kyjev 
546 |a Súbež. náz. a text ukr. 
650 0 7 |a fiškálna politika  |2 SNKPH  |9 2273 
650 0 7 |a medzinárodná spolupráca  |2 SNKPH  |9 4911 
650 0 7 |a verejné financie  |2 SNKPH  |9 2204 
650 0 7 |a Fiscal policy  |2 SNKPHeng  |9 327758 
650 0 7 |a International cooperation  |2 SNKPHeng  |9 267173 
650 0 7 |a Public finance  |2 SNKPHeng  |9 268280 
650 0 7 |a Decentralization in government  |2 SNKPHeng  |9 327759 
650 0 7 |a Public administration  |2 SNKPHeng  |9 266247 
650 0 7 |a Local government  |2 SNKPHeng  |9 275833 
650 0 7 |a verejná správa  |2 SNKPH  |9 1538 
650 0 7 |a decentralizácia  |2 SNKPH  |9 4735 
650 0 7 |a miestna správa  |2 SNKPH  |9 29496 
651 7 |a Slovensko  |2 SNKPHgeo  |9 14231 
651 7 |a Slovakia  |2 SNKPHeng  |9 92630 
651 7 |a Ukraine  |2 SNKPHeng  |9 266376 
651 7 |a odborná, vedecká literatúra pôvodná (slovenská)  |2 lita  |9 327760 
651 7 |a Ukrajina  |2 SNKPHgeo  |9 168045 
655 7 |a prehľady  |2 SNKPH  |9 70194 
655 7 |a Surveys  |2 SNKPHeng  |9 266058 
830 0 |a Surec Policy Paper  |9 327761 
852 |a Slovenská národná knižnica 
919 |a 978-80-89244-80-5 
954 |a odborná, vedecká literatúra pôvodná (slovenská)  |2 lita 
954 |a odborná, vedecká literatúra cudzojazyčná (svetová)  |2 lita 
958 |a OND 
958 |a UA 
958 |a NM 
999 |c 577241  |d 579171 
952 |a SNK  |b SNK  |y PREZ  |7 0  |p 17A0695978  |o snkSC 145362  |i snk2011/10749  |8 0  |0 0  |1 0  |4 0  |d 2011-05-11  |l 0  |r 2025-07-14 00:00:00  |w 2026-02-23 
952 |a SNK  |b SNK  |y VYP  |7 0  |p 17A0695977  |o snkSC 145362 D1  |i snk2011/10750  |8 0  |0 0  |1 0  |4 0  |d 2011-05-11  |f 1  |l 0  |r 2026-02-23 14:37:42  |w 2026-02-23